00313nam a2200109Ia 4500008004100000041000800041082001500049100002500064245005100089260004400140300001900184241028s9999 xx 000 0 und d aeng a658.15 MOY aMoyer/ Mcguigan/ Rao aContemporary Financial Management With Mindtap bCengage Learning IndiaaAustraliac2018 a838;. P. 25 cm